000 00658nam a2200217Ia 4500
003 OSt
005 20230714100257.0
008 210716s2009 xx 000 0 und d
020 _a9781902505893
040 _cAIMIT LIBRARY
041 _aeng
082 _a004.694
_22
_bSAMG
100 _aSampson, Geoffrey.
_9126869
245 _aElectronic business /
_cBy Geoffrey Sampson.
250 _a2nd ed.
260 _aNew Delhi :
_bViva Books ,
_c2009.
300 _axx,257p. ;
_bPB
_c23 cm.
650 _aIT and the structure of the economy
_9126870
650 _aE-business and the institutions of society
_9126871
942 _2ddc
_cBK
_e2nd ed.
_k004.694 SAMG
999 _c194324
_d194324